000 00972aam a2200361 4500
005 20251114152919.0
008 150507b2009 xxu||||| |||| 00| 0 spa d
020 _a9789977662152
041 _aESP
082 _a515.024.658 A189ej
100 _aAcuña Prado, Luis Alejandro
_9621
100 _aArtavia Azofeifa, María José
_9622
245 _aEjercicios de matemática para administración: precálculo
260 _aCosta Rica
260 _bITCR
260 _c2009
300 _a308 páginas
490 _aGestión de Calidad
490 _aDirección y Administración de Empresas
650 _aMATEMÁTICA
650 _aCÁLCULO
650 _aECUACIONES
650 _aECUACIONES DIFERENCIALES
650 _aNÚMEROS REALES
650 _aEXPRESIONES ALGEBRÁICAS
650 _aFUNCIONES LINEALES
650 _aFUNCIONES CUADRÁTICAS
650 _aMATRICES
650 0 _aFUNCIONES
942 _cBK
_2ddc
999 _c5211
_d5211